Bengali theatre: Defying colonial ban (Record no. 520844)

000 -LEADER
fixed length control field 00568nam a22001457a 4500
008 - FIXED-LENGTH DATA ELEMENTS--GENERAL INFORMATION
fixed length control field 221025b ||||| |||| 00| 0 eng d
100 ## - MAIN ENTRY--PERSONAL NAME
Personal name Mitra, Sunetra
245 ## - TITLE STATEMENT
Title Bengali theatre: Defying colonial ban
260 ## - PUBLICATION, DISTRIBUTION, ETC. (IMPRINT)
Place of publication, distribution, etc Yojana
300 ## - PHYSICAL DESCRIPTION
Extent 66(8), Aug, 2022: p.16-19
520 ## - SUMMARY, ETC.
Summary, etc By depicting India’s heroic past, the dramatists inspired patriotism , encouraged participation in the freedom struggle, and offered an antidote to spreading cultural colonization.- Reproduced
773 ## - HOST ITEM ENTRY
Main entry heading 66(8), Aug, 2022: p.16-19
906 ## - LOCAL DATA ELEMENT F, LDF (RLIN)
Subject DIP CULTURE
942 ## - ADDED ENTRY ELEMENTS (KOHA)
Item type Articles
Holdings
Withdrawn status Lost status Source of classification or shelving scheme Damaged status Not for loan Permanent location Current location Date acquired Serial Enumeration / chronology Barcode Date last seen Koha item type
          Indian Institute of Public Administration Indian Institute of Public Administration 2022-10-25 66(8), Aug, 2022: p.16-19 AR127412 2022-10-25 Articles

Powered by Koha